How to prepare a business plan (Record no. 76387)

MARC details
000 -LEADER
fixed length control field 00754nam a2200193 a 4500
008 - FIXED-LENGTH DATA ELEMENTS--GENERAL INFORMATION
fixed length control field 080109s1993 ||||||||||||||||| || u
020 ## - INTERNATIONAL STANDARD BOOK NUMBER
International Standard Book Number 0749406437
050 ## - LIBRARY OF CONGRESS CALL NUMBER
Classification number HD 62.7 Bla
100 ## - MAIN ENTRY--PERSONAL NAME
Personal name Blackwell, Edward
245 10 - TITLE STATEMENT
Title How to prepare a business plan
250 ## - EDITION STATEMENT
Edition statement 2nd ed.
260 ## - PUBLICATION, DISTRIBUTION, ETC.
Place of publication, distribution, etc. London
Name of publisher, distributor, etc. Kogan Page
Date of publication, distribution, etc. 1993
300 ## - PHYSICAL DESCRIPTION
Extent 153 pages : illustrations
350 ## -
-- 0.00
650 #0 - SUBJECT ADDED ENTRY--TOPICAL TERM
Topical term or geographic name entry element BUSINESS
650 #0 - SUBJECT ADDED ENTRY--TOPICAL TERM
Topical term or geographic name entry element BUSINESS PLANNING
995 ## -
-- MAIN LIBRARY OPEN ACCESS
-- 0.00
-- 726400
-- CBU-MAIN LIBRARY (Kitwe)
-- 2
-- 8.99
-- HD 62.7 Bla
-- 1
-- AVAILABLE
-- 024503
-- Main Library Open Access Collection
995 ## -
-- MAIN LIBRARY OPEN ACCESS
-- 0.00
-- 733653
-- CBU-MAIN LIBRARY (Kitwe)
-- 1
-- 8.99
-- HD 62.7 Bla
-- 2
-- AVAILABLE
-- 45712
-- Main Library Open Access Collection
999 ## -
-- 76387
-- 76387
Holdings
Withdrawn status Lost status Source of classification or shelving scheme Damaged status Not for loan Permanent Location Current Location Shelving location Date acquired Total Checkouts Full call number Barcode Date last seen Copy number Price effective from Koha item type
          CBU-MAIN LIBRARY, KITWE. CBU-MAIN LIBRARY, KITWE.   04/25/2023   HD 62.7 Bla 024503 04/25/2023 1 04/25/2023 MONOGRAPH
          CBU-MAIN LIBRARY, KITWE. CBU-MAIN LIBRARY, KITWE.   04/25/2023   HD 62.7 Bla 45712 04/25/2023 2 04/25/2023 MONOGRAPH